00505pam a2200193 a 4500001000800000005001700008008004100025010001700066020001500083040002300098041000800121060001700129080002000146082002400166100000600190101000800196245006800204504003900272144321420171218065005.0851002s1987 mdua b 001 0 eng c a 85022654  a0683073206 aDNLM/DLCcDLCdDLC aeng aWS 366 T3555 a618.920028 ROG00a618.920028 ROG219 a4 aSHM00aTextbook of pediatric intensive care /ceditor, Mark C. Rogers. aIncludes bibliographies and index.